Giáo trình logích học

Trình bày về đối tượng, ý nghĩa của logic học và những kiến thức về khái niệm, phán đoán, các quy luật cơ bản của logic hình thức, suy luận, chứng minh, bác bỏ và giả thuyết

Gorde:
Xehetasun bibliografikoak
Egile nagusia: Nguyễn, Văn Hòa
Formatua: Liburua
Hizkuntza:Undetermined
Argitaratua: Hà Nội Chính trị quốc gia 2014
Gaiak:
Etiketak: Etiketa erantsi
Etiketarik gabe, Izan zaitez lehena erregistro honi etiketa jartzen!
Thư viện lưu trữ: Trung tâm Học liệu Trường Đại học Cần Thơ
LEADER 00784nam a2200193Ia 4500
001 CTU_194526
008 210402s9999 xx 000 0 und d
020 |c 52000 
082 |a 160 
082 |b H401 
100 |a Nguyễn, Văn Hòa 
245 0 |a Giáo trình logích học 
245 0 |c Nguyễn Văn Hòa 
260 |a Hà Nội 
260 |b Chính trị quốc gia 
260 |c 2014 
520 |a Trình bày về đối tượng, ý nghĩa của logic học và những kiến thức về khái niệm, phán đoán, các quy luật cơ bản của logic hình thức, suy luận, chứng minh, bác bỏ và giả thuyết 
650 |a Logic,Logic học 
980 |a Trung tâm Học liệu Trường Đại học Cần Thơ